Defence Research Development Organisation (Record no. 246265)

MARC details
000 -LEADER
fixed length control field 00465nam a2200181Ia 4500
008 - FIXED-LENGTH DATA ELEMENTS--GENERAL INFORMATION
fixed length control field 240913s9999||||xx |||||||||||||| ||und||
020 ## - INTERNATIONAL STANDARD BOOK NUMBER
International Standard Book Number 81-86514-15-5
082 ## - DEWEY DECIMAL CLASSIFICATION NUMBER
-- 623.355P6
100 ## - MAIN ENTRY--PERSONAL NAME
Personal name Ramadas P Shenoy
245 #0 - TITLE STATEMENT
Title Defence Research Development Organisation
260 ## - PUBLICATION, DISTRIBUTION, ETC. (IMPRINT)
Date of publication, distribution, etc 2006
Name of publisher, distributor, etc DE
Place of publication, distribution, etc New Delhi
500 ## - GENERAL NOTE
General note REFERENCE
650 ## - SUBJECT ADDED ENTRY--TOPICAL TERM
Topical term or geographic name as entry element Organisations
942 ## - ADDED ENTRY ELEMENTS (KOHA)
Item type Reference
Holdings
Withdrawn status Lost status Damaged status Permanent location Current location Shelving location Date acquired Source of acquisition Cost, normal purchase price Full call number Barcode Date last seen Koha item type
      CENTRAL LIBRARY, NOORUL ISLAM CENTRE FOR HIGHER EDUCATION CENTRAL LIBRARY, NOORUL ISLAM CENTRE FOR HIGHER EDUCATION   11/01/2015 DRDO Monograph 500.00 623.355P6 73064 09/13/2024 Reference
Visitors:
Copyright © 2024 Central Library NICHE.  All rights reserved.